Thinking in Java / (Record no. 194774)

000 -LEADER
fixed length control field 01057 a2200205 4500
003 - CONTROL NUMBER IDENTIFIER
control field Nust
005 - DATE AND TIME OF LATEST TRANSACTION
control field 20220812161214.0
010 ## - LIBRARY OF CONGRESS CONTROL NUMBER
LC control number 00037522
020 ## - INTERNATIONAL STANDARD BOOK NUMBER
International Standard Book Number 0130273635
040 ## - CATALOGING SOURCE
Transcribing agency Nust
082 00 - DEWEY DECIMAL CLASSIFICATION NUMBER
Classification number 005.133,SCK
100 1# - MAIN ENTRY--PERSONAL NAME
Personal name Eckel, Bruce.
9 (RLIN) 63307
245 10 - TITLE STATEMENT
Title Thinking in Java /
Statement of responsibility, etc. Bruce Eckel.
250 ## - EDITION STATEMENT
Edition statement 2nd ed.
260 ## - PUBLICATION, DISTRIBUTION, ETC.
Place of publication, distribution, etc. Upper Saddle River, NJ :
Name of publisher, distributor, etc. Prentice Hall,
Date of publication, distribution, etc. 2000.
300 ## - PHYSICAL DESCRIPTION
Extent 1128 p. ;
Dimensions 24 cm.,
Accompanying material +1 computer laser optical discs (4 3/4 in.)
505 ## - FORMATTED CONTENTS NOTE
Formatted contents note Introduction to Objects (Page-29), Everything is an Object (Page-101), Controlling Program Flow (Page-133), Initialization & Cleanup (Page-191), Hiding the Implementation (Page-243), Reusing Classes (Page-271), Polymorphism (Page-311), Interfaces & Inner Classes (Page-349), Error Handling with Exceptions (Page-531), The Java I/O System (Page-573), Run –time Type Identification (page-659), Creating Windows (Page-689), Multiple Threads (page-825), Distributed Computing (Page-903).
650 #0 - SUBJECT ADDED ENTRY--TOPICAL TERM
Topical term or geographic name entry element Java (Computer program language)
9 (RLIN) 8017
942 ## - ADDED ENTRY ELEMENTS (KOHA)
Source of classification or shelving scheme
Koha item type Book
Call number prefix 005.133,ECK
Holdings
Withdrawn status Lost status Source of classification or shelving scheme Damaged status Not for loan Permanent Location Current Location Shelving location Date acquired Total Checkouts Full call number Barcode Date last seen Date last checked out Price effective from Koha item type Public note
          Military College of Signals (MCS) Military College of Signals (MCS) General Stacks 12/12/2016 1 005.133,ECK MCS36452 04/15/2024 03/27/2024 12/12/2016 Book Almirah No.4, Shelf No.4
© 2023 Central Library, National University of Sciences and Technology. All Rights Reserved.